Český a slovenský akciový trh 25 rokov po rozdelení bakalárska práca

Guardado en:
Detalles Bibliográficos
Autor principal: Vargová, Katarína
Autor Corporativo: Národohospodárska fakulta EU. Katedra bankovníctva a medzinárodných financií
Otros Autores: Árendáš, Peter, 1986-
Formato: Libro
Lenguaje:eslovaco
Publicado: Bratislava 2019
Etiquetas: Agregar Etiqueta
Sin Etiquetas, Sea el primero en etiquetar este registro!

MARC

LEADER 00000nbm a2200000 4500
001 0256483
005 20190729123026.3
041 0 |a slo 
044 |a SK 
245 1 0 |a Český a slovenský akciový trh 25 rokov po rozdelení  |b bakalárska práca  |c Katarína Vargová ; školiteľ: Peter Árendáš 
264 1 |a Bratislava  |c 2019 
300 |a 41 s. 
100 1 |a Vargová, Katarína 
700 1 |a Árendáš, Peter, 1986- 
710 2 |a Národohospodárska fakulta EU. Katedra bankovníctva a medzinárodných financií